00295nam a2200121Ia 4500008004100000100001900041245004100060260002300101300000800124650001700132942000700149999001700156190216s9999||||xx |||||||||||||| ||und|| aWest B Douglas 0aIntroduction To Graph Theory 2nd Een bPhi Learningc2001 a588 aGraph Theory cBK c32433d32433